Statistics for Tainted Love by Soft Cell

Click here to take the quiz!

General Stats

  • This quiz has been taken 48 times
  • The average score is 16 of 42

Answer Stats

Number of words in answerAnswer% Correct
2 wordsrun away
76%
2 wordsrun away
76%
6 wordssometimes i feel i've got to
76%
3 wordsi've got to
68%
2 wordstainted love
68%
2 wordstainted love
68%
2 wordstainted love
68%
2 wordstainted love
68%
2 wordstainted love
68%
2 wordstainted love
68%
2 wordstainted love
68%
5 wordsi've got to get away
60%
4 wordsthe love we share
56%
4 wordsseems to go nowhere
52%
2 wordsget away
44%
5 wordsonce i ran to you
44%
5 wordsonce i ran to you
44%
5 wordsthis tainted love you've given
44%
5 wordsthis tainted love you've given
44%
10 wordsfrom the pain you drive into the heart of me
40%
8 wordstake my tears and that's not nearly all
36%
8 wordstake my tears and that's not nearly all
36%
10 wordsfor i toss and turn i can't sleep at night
32%
9 wordsi give you all a boy could give you
32%
9 wordsi give you all a boy could give you
32%
8 wordsbut i'm sorry i don't pray that way
28%
4 wordsdon't touch me please
28%
5 wordsand i've lost my light
24%
7 wordsand you think love is to pray
24%
6 wordsnow i know i've got to
20%
5 wordsnow i'll run from you
16%
5 wordsnow i'll run from you
16%
4 wordsto make things right
16%
7 wordsyou don't really want anymore from me
16%
7 wordsyou need someone to hold you tight
16%
7 wordsi can't stand the way you tease
12%
8 wordsi love you though you hurt me so
12%
8 wordsnow i'm gonna pack my things and go
12%
5 wordstouch me baby tainted love
12%
5 wordstouch me baby tainted love
12%
6 wordstainted love oh tainted love oh
0%
6 wordstainted love oh tainted love oh
0%

Score Distribution

Percentile by Number Answered

Percent of People with Each Score

Your Score History

You have not taken this quiz